| 000 | 00739nam a22002177a 4500 | ||
|---|---|---|---|
| 003 | UA-OsUOA | ||
| 001 | 108017 | ||
| 007 | ta | ||
| 008 | 20140924b un ||||| |||| 00| 0 ukr d | ||
| 100 | _aБазуева Е.В. | ||
| 090 |
_a32 _bБ17 |
||
| 942 | _cSA | ||
| 040 |
_aUA-OsUOA _brus _cUA-OsUOA _dUA-OsUOA |
||
| 245 | _aОсобенности становления системы институтов гендерной власти эгалитарного типа в Польше: уроки для России | ||
| 300 | _aС.55-73 | ||
| 955 | _a0 | ||
| 041 | _arus | ||
| 080 | _a32 | ||
| 773 | 0 |
_w108016 _tЧелове. Сообщество. Управление _dКраснодар _d2014 _g2 |
|
| 650 | 7 |
_a32 Політика _2UDC |
|
| 999 |
_c394753 _d394753 |
||